| 000 | 00500nam a2200193Ia 4500 | ||
|---|---|---|---|
| 003 | GCL | ||
| 008 | 140319s9999 xx 000 0 eng d | ||
| 040 |
_aGCL / _cGCL |
||
| 082 | 0 | 4 |
_a338.064 _bA P |
| 100 | 1 | _aAMIN, ASH | |
| 245 | 1 | 0 |
_aPOST - FORDISM: A READER / _cAMIN, ASH |
| 260 |
_a[S.N] : _bBLACKWELL PUBLISHERS ، _c1994 |
||
| 300 | _a435 P | ||
| 650 | 0 | 4 | _aECONOMICS |
| 650 | 0 | 4 | _aTECHNOLOGICAL INNOVATIONS |
| 650 | 0 | 4 | _aINDUSTRIAL ORGANIZATION |
| 650 | 0 | 4 | _aCAPITALISM |
| 942 |
_2ddc _cBK |
||
| 999 |
_c20866 _d20866 |
||